Daňové zákony od 1.1.1993 Daň z dedičstva. Daň z darovania. Daň z prevodu a prechodu nehnuteľností. Cestná daň. Správne poplatky
Gespeichert in:
| Format: | Buch |
|---|---|
| Sprache: | Slowakisch |
| Veröffentlicht: |
Bratislava
Prúdy
1992
|
| Ausgabe: | 1. vyd. |
| Schlagworte: | |
| Tags: |
Keine Tags, Fügen Sie das erste Tag hinzu!
|
MARC
| LEADER | 00000nam a2200000 4500 | ||
|---|---|---|---|
| 001 | c001209 | ||
| 005 | 20221214085434.1 | ||
| 020 | |a 80-85355-04-3 | ||
| 041 | 0 | |a slo | |
| 044 | |a SK | ||
| 245 | 1 | 0 | |a Daňové zákony od 1.1.1993 |b Daň z dedičstva. Daň z darovania. Daň z prevodu a prechodu nehnuteľností. Cestná daň. Správne poplatky |
| 250 | |a 1. vyd. | ||
| 264 | 1 | |a Bratislava |b Prúdy |c 1992 | |
| 300 | |a 107 s. | ||
| 610 | 2 | 0 | |a dane |
| 610 | 2 | 0 | |a poplatky |
| 610 | 2 | 0 | |a ČSFR |
| 610 | 2 | 0 | |a 1993 |
| 610 | 2 | 0 | |a sústava daňová |